Регионална библиотека "Любен Каравелов" - Русе

Лиляка (Запис номер 128706)

MARC детайли
000 -Лидер
Контролно поле с фиксирана дължина 01462nam a2200337 c 4500
003 - Код на организацията, давaща контролен номер
Контролно поле BLK
005 - Дата и час на последна редакция
Контролно поле 20230718150625.0
008 - Елементи от данни с фиксирана дължина
fixed length control field 180409b bul|||||r ||||||| ||bul||
010 ## - Наследен системен номер
LC control number KNG00134436000
040 ## - Източник на каталожния запис
Идентификатор на билиотеката - собственик на записа BLK
041 ## - Код за език
Код за езика на текст/звукозапис или на отделно заглавие Български
Код за езика КДБФ Български
072 #7 - Код за тематичната категория
Код организация bullib
Код за тематична категория Ц
Текст Редки и ценни
080 ## - УДК
Текстов определител УДК Българска литература
УДК код - определител по УДК 821.163.2
УДК определител -8
УДК - код + определител 821.163.2-8
080 ## - УДК
Текстов определител УДК Популярна литература със смесено съдържание. "Вечен календар"
УДК код - определител по УДК 087.6
УДК - код + определител 087.6
139 ## - Редно поле
Редна дума Лиляка
Авторски знак Лиля - Л 59
245 10 - Сведения за заглавието
Заглавие Лиляка
Редно поле (дума) състав. Илия Рашков Блъсков.
257 ## - Страна на издаване
Страна на създаване/издаване България
260 ## - Област на издателските данни
Име на издателя, разпространителя и проч. Илия Р. Блъсков
Година на издаване 1884
Печатница Варна : печ. Л. Нитче
Място на издаване, разпространение и проч. Варна
300 ## - Физическа характеристика
Страници 44 с.
Размери/Мащаб 22 см
380 ## - Жанр
Жанр Худож. лит.
490 1# - СЕРИИ (Колекции)
Име на серия Съвременни книжки за прочитание на секиго
№: серия Кн. 7
490 ## - СЕРИИ (Колекции)
Име на серия Колекция Редки и ценни издания
9 (RLIN) 435080
700 ## - Други автори (авторска отговорност)
Лично име Блъсков, Илия Рашков
Дати, свързани с автора 1839-1913
Друга информация Белетрист, учител, книжовник, събирач на народно творчество, издател. Преводач от руски език.
9 (RLIN) 411081
852 ## - Местоположение
Форматна сигнатура Рб 884
Фондова буква Редки и ценни
856 4# - Електронен адрес и достъп
Електронен формат pdf - файл
856 4# - Електронен адрес и достъп
Електронен формат pdf - файл
999 ## - СИСТЕМНИ КОНТРОЛНИ НОМЕРА
Koha biblionumber 128706
Koha biblioitemnumber 128706
942 ## - АРТИКУЛИ
Вид на библиотечния материал Книги
Скрит в OPAC Не
Периодичен библиозапис Да
944 ## - СЪЗДАВАНЕ И РЕДАКЦИЯ на ЗАПИСА
Създаване/Редакция Създаване
Дата на регистрацията/редакция 01.10.2012
Статус, дата на статуса Диана Гривева
Служител, извършил регистрацията/редакцията 30529
944 ## - СЪЗДАВАНЕ И РЕДАКЦИЯ на ЗАПИСА
Създаване/Редакция Редакция
Дата на регистрацията/редакция 03.10.2012
Статус, дата на статуса ф / 01.10.2012
999 ## - СИСТЕМНИ КОНТРОЛНИ НОМЕРА
Koha biblioitemnumber 128706
Наличности
Код за отписване Код за изгубен артикул Източник на класификационната схема Код за повреда Коз за рестрикции Код за отдаване Артикулен № Име на библиотеката - собственик Име на библиотеката, в която се намира в момента Статус (Текущо местоположение) Дата на вписване в системата Местоположение - отдел Цена в лева Инвентарен номер Систематично азбучна сигнатура Баркод Номер на екземпляра Цена в евро Служебна бележка Служебен тип на артикула
  Не е изгубен Universal Decimal Classification Не е повреден само за читалня Специални фондове ( старопечатни, редки и ценни, фонд М. Арнаудов) 209088 Регионална библиотека "Любен Каравелов" Русе Регионална библиотека "Любен Каравелов" Русе Редки и ценни 1884-01-01 Редки и ценни 0.03 1189 Рб 884 900000020962 1 0.02 N: стар фонд Дата: 01.01.1884 Дата инв: 02.04.2018 Бележки инв: Рц2018 Книги
Vip Innovations Ltd, Rousse, Bulgaria 2025